Shout Out To My Ex (Lyrics)- Little Mix - Statistics

General Stats
  • This quiz has been taken 42 times
  • The average score is 400 of 471
Answer Stats
Answer % Correct
a
100%
ex
100%
he
100%
I
100%
is
100%
my
100%
out
100%
shout
100%
Shout
100%
to
100%
This
97%
this
97%
me
94%
the
94%
who
94%
you
94%
You
94%
I'm
91%
in
91%
it
91%
love
91%
am
88%
and
88%
heart
88%
no
88%
she
88%
so
88%
that
88%
Then
88%
Yeah
88%
yeah
88%
your
88%
at
85%
break
85%
chick
85%
did
85%
down
85%
For
85%
for
85%
get
85%
"hate
85%
hey
85%
look
85%
made
85%
now
85%
Oh
85%
other
85%
some
85%
thank
85%
you"s
85%
ain't
82%
Ain't
82%
all
82%
better
82%
boy
82%
Boy
82%
like
82%
man
82%
over
82%
quite
82%
really
82%
way
82%
baby
79%
Heard
79%
Here's
79%
hope
79%
Hope
79%
hurt
79%
never
79%
say
79%
sex
79%
up
79%
with
79%
admit
76%
Forget
76%
gettin'
76%
Guess
76%
you're
76%
bring
74%
by
74%
fakin'
74%
I'll
74%
life
74%
phone
74%
should
74%
swear
74%
tattoos
74%
you'll
74%
You'll
74%
But
71%
from
71%
number
71%
Took
71%
took
71%
anyway
68%
blocked
68%
'Cause
68%
could
68%
Go
68%
call
65%
cool
65%
deleted
65%
live
65%
more
65%
two
65%
Even
62%
livin'
62%
long
62%
pics
62%
babe
59%
broke
59%
four
59%
'head
59%
legit
59%
loved
59%
new
59%
quits
59%
sure
59%
years
59%
brand
56%
lips
56%
read
53%
though
53%
Well
50%
back
41%
I'ma
41%
right
41%
snapped
35%
No matching quizzes found
Score Distribution
Percent of People with Each Score
Percentile by Number Answered
Your Score History
You have not taken this quiz